000 00270nam a22000977a 4500
008 160519b xxu||||| |||| 00| 0 eng d
041 _aeng
080 _a61
245 _aDeveloping clinical problem solving skills:
_cHoward S. Barrows; Garfied C. Pickell;
942 _2udc
_cBK
999 _c2275
_d2275